| 000 | 00486nam a22001937a 4500 | ||
|---|---|---|---|
| 003 | OSt | ||
| 008 | 240607b |||||||| |||| 00| 0 eng d | ||
| 020 | _a0-07-460055-g | ||
| 020 | _a978-0074600559 | ||
| 041 | _aeng | ||
| 082 | _a005.133 BAL/PR | ||
| 100 |
_aBALAGURUSWAMY, E _9221 |
||
| 245 | _aProgramming in Basic | ||
| 250 | _a3rd | ||
| 260 |
_aNewDelhi: _bTata McGraw-Hill Publishing _c1991 |
||
| 300 | _a317pages | ||
| 650 |
_aComputer Programming-Basic _96193 |
||
| 942 | _cBK | ||
| 999 |
_c18084 _d18084 |
||